000 00275nam a22001217a 4500
008 260223b ||||| |||| 00| 0 eng d
041 _aeng
080 _a2.1
100 _a20.1
101 _aPoezi
245 _a Migjeni Free Verse
_cMillosh Gjergj Nikolla
942 _2lcc
_cBK
999 _c60840
_d60840